000 00562nam a2200157 a 4500
001 BRCA_658
005 20190320203110.0
008 110408s1983----sp-#---###---#000-0#spa-#
050 4 _aNK7162
_b.C78 1983
100 1 _aCruz Valdovinos, José Manuel
_d1943-
_92201
245 1 0 _aLos plateros madrileños
_bestudio histórico jurídico de su organización corporativa
_cJosé Manuel Cruz Valdovinos.
260 _aMadrid
_bGremio de Joyeros y Plateros de Madrid
_c1983
300 _a430 p.
_c24 cm.
650 1 4 _aPlateros
_ySiglos XVI a XIX
_zEspaña
_92202
942 _2lcc
_cB
999 _c571
_d571